Normal view
MARC view
Entry Personal Name
001 - CONTROL NUMBER
- control field: 15052
003 - CONTROL NUMBER IDENTIFIER
- control field: dpl
005 - DATE AND TIME OF LATEST TRANSACTION
- control field: 20100819111659.0
008 - FIXED-LENGTH DATA ELEMENTS
- fixed length control field: 100819|||a|||||| | ||| d
040 ## - CATALOGING SOURCE
- Original cataloging agency: dpl
- Transcribing agency: dpl
100 ## - HEADING--PERSONAL NAME
- Personal name: Jain, K. C.
670 ## - SOURCE DATA FOUND
- Source citation: Work cat.: (dpl)42405: Jain, K. C., Textbook of production engineering /, 2010
670 ## - SOURCE DATA FOUND
- Source citation: Work cat.: (dpl)42405: Jain, K. C., Textbook of production engineering /, 2010
